[Event "AUTO-INT-128"]
[Site "http://www.queenalice.com/game.php?id=114497"]
[Date "2006.10.7"]
[Round "2"]
[White "luizao"]
[Black "franzjonas"]
[Result "1-0"]
[WhiteElo "1581"]
[BlackElo "1568"]

1. e4 e5 2. Nf3 Nc6 3. Bc4 Bc5 4. d3 d6 5. Be3 Bb6 6. O-O Be6 7. Bb5 Ne7 8. Nc3
O-O 9. d4 exd4 10. Bxd4 Nxd4 11. Nxd4 c6 12. Bd3 Bxd4 13. Ne2 Bxb2 14. Rb1 Bf6
15. Rxb7 Bxa2 16. Nf4 1-0

[Event "AUTO-INT-128"]
[Site "http://www.queenalice.com/game.php?id=114498"]
[Date "2006.10.7"]
[Round "2"]
[White "vult0"]
[Black "luizao"]
[Result "1-0"]
[WhiteElo "1706"]
[BlackElo "1556"]

1. e4 e5 2. Bc4 d6 3. Nc3 Be6 4. Bxe6 fxe6 5. d3 Nf6 6. Bg5 Be7 7. Nf3 O-O 8.
O-O Nc6 9. a3 d5 10. exd5 exd5 11. Re1 Bc5 12. Nxe5 Bd4 13. Ng4 Qd7 14. Nxf6+
Bxf6 15. Bxf6 Rxf6 16. Qd2 Qf7 17. d4 Rf8 18. Rf1 Na5 19. b3 Nc6 20. Ne2 Rxf2
21. Ng3 Ne7 22. Rxf2 Qe8 23. Rxf8+ Qxf8 24. Rf1 Qd8 25. Qg5 Qe8 26. Nf5 Ng6 27.
h3 h6 28. Qg3 Qe4 29. Re1 Qxc2 30. Ne7+ Nxe7 31. Rxe7 Qh7 32. Qxc7 Qb1+ 33. Kh2
Qg6 34. Qxb7 Kh7 35. Qxa7 1-0

[Event "AUTO-INT-128"]
[Site "http://www.queenalice.com/game.php?id=114499"]
[Date "2006.10.7"]
[Round "2"]
[White "luizao"]
[Black "vult0"]
[Result "0-1"]
[WhiteElo "1537"]
[BlackElo "1661"]

1. e4 e5 2. Nf3 d6 3. Bc4 Bg4 4. Nc3 Nf6 5. d3 Nc6 6. Bg5 Be7 7. O-O O-O 8. Nd5
Nxd5 9. exd5 Nd4 10. h3 Bxf3 11. Qc1 Ne2+ 12. Kh2 Nxc1 13. Bxc1 Bh5 14. g3 Bf3
15. Be3 Bg5 16. Bxg5 Qxg5 17. Rg1 h5 18. h4 Qh6 19. Rae1 g5 20. Re3 g4 21. c3
Qf6 22. d4 Bd1 23. Rxd1 Qxf2+ 24. Kh1 Qxe3 25. Rf1 Qxg3 26. Rf5 Qxh4+ 27. Kg1 g3
28. Kg2 Qe4+ 0-1

[Event "AUTO-OPEN-308"]
[Site "http://www.queenalice.com/game.php?id=125822"]
[Date "2006.11.6"]
[Round "2"]
[White "luizao"]
[Black "aknightout"]
[Result "0-1"]
[WhiteElo "1583"]
[BlackElo "1947"]

1. e4 d6 2. Bc4 Nf6 3. Nc3 c6 4. Nf3 Nbd7 5. Ng5 Ne5 6. Bb3 h6 7. Nf3 g6 8. O-O
Bg4 9. d3 Nxf3+ 10. gxf3 Bh3 11. Re1 e5 12. f4 Nh5 13. fxe5 dxe5 14. Re3 Nf4 15.
Qf3 Bg4 16. Qxg4 h5 17. Qf3 g5 18. Re1 Bc5 19. Bxf4 gxf4 20. Rad1 Qh4 21. Kf1
Qg4 22. Qxg4 hxg4 23. Kg2 f3+ 24. Kg3 Ke7 0-1

[Event "AUTO-OPEN-308"]
[Site "http://www.queenalice.com/game.php?id=125823"]
[Date "2006.11.6"]
[Round "2"]
[White "aknightout"]
[Black "luizao"]
[Result "1-0"]
[WhiteElo "1949"]
[BlackElo "1581"]

1. e4 e5 2. Nf3 Nc6 3. g3 Bc5 4. Bg2 Nf6 5. Nc3 O-O 6. d3 d6 7. Na4 Bg4 8. h3
Bxf3 9. Bxf3 Qd7 10. Nxc5 dxc5 11. O-O Nd4 12. Bg4 Nxg4 13. hxg4 Qe7 14. g5 Qe6
15. Kg2 f6 16. gxf6 Qxf6 17. f4 exf4 18. Bxf4 Qc6 19. Qd2 Rad8 20. Be5 Rfe8 21.
Qg5 Qg6 22. Qxg6 hxg6 23. Bxc7 Rc8 24. Bd6 Kh7 25. Rh1+ Kg8 26. c3 1-0

[Event "AUTO-ADV-192"]
[Site "http://www.queenalice.com/game.php?id=136678"]
[Date "2006.12.3"]
[Round "2"]
[White "mauricio_sm"]
[Black "luizao"]
[Result "1-0"]
[WhiteElo "1777"]
[BlackElo "1606"]

1. e4 e5 2. Nf3 Nc6 3. d4 d6 4. d5 Nce7 5. Nc3 Nf6 6. Bg5 Ng6 7. Bb5+ Bd7 8.
Bxd7+ Qxd7 9. Bxf6 gxf6 10. O-O Be7 11. h3 O-O-O 12. Re1 Nf4 13. Ne2 Nxe2+ 14.
Qxe2 Rhg8 15. Kh2 f5 16. Qe3 Kb8 17. exf5 Qxf5 18. Qe4 Qf4+ 19. Qxf4 exf4 20.
Rxe7 b6 21. Rxf7 h5 22. Re1 Kb7 23. Ree7 Ka6 24. Rxc7 Kb5 25. Nd4+ Ka5 26. Nc6+
Kb5 27. Nxd8 Rxd8 28. Rxa7 1-0

[Event "AUTO-ADV-192"]
[Site "http://www.queenalice.com/game.php?id=136679"]
[Date "2006.12.3"]
[Round "2"]
[White "luizao"]
[Black "mauricio_sm"]
[Result "0-1"]
[WhiteElo "1597"]
[BlackElo "1786"]

1. e4 e5 2. Nf3 d6 3. Nc3 Bg4 4. Bc4 Nf6 5. Nxe5 dxe5 6. f3 Bd7 7. O-O Bb4 8. a3
Bxc3 9. dxc3 Nc6 10. Bg5 h6 11. Bxf6 Qxf6 12. Qe1 O-O 13. Rf2 a6 14. Qe2 Be6 15.
Bd3 Rad8 16. f4 exf4 17. Qf1 g5 18. Re1 Ne5 19. g3 Ng4 20. Rf3 Rfe8 21. gxf4
gxf4 22. Rxf4 Qg7 23. Qg2 Ne5 24. Qxg7+ Kxg7 25. b3 Nxd3 26. cxd3 Rxd3 27. Rc1
Bxb3 0-1

[Event "Challenge"]
[Site "http://www.queenalice.com/game.php?id=169264"]
[Date "2007.2.15"]
[Round "-"]
[White "luizao"]
[Black "Archer"]
[Result "0-1"]
[WhiteElo "1567"]
[BlackElo "1487"]

1. e4 e5 2. Nf3 Bd6 3. Bc4 Nf6 4. Nc3 O-O 5. O-O c6 6. d3 b5 7. Bb3 a5 8. a3 a4
9. Ba2 Ba6 10. Bg5 c5 11. Nd5 c4 12. dxc4 bxc4 0-1